A liberdade o que é? (Registo nº 3963)

Detalhes MARC
000 -Etiqueta do registo
Cabeçalho 00815nam0a2200277 4500
005 - Identificador da versão
Campo de controlo 20240813122049.0
010 ## - Número internacional normalizado dos livros (ISBN)
Número (ISBN) 9789724310251
021 ## - Número do Depósito Legal
Código do país PT
Número 229003/05
100 ## - Dados gerais de processamento
Dados gerais de processamento 20190115d2007 cd y0pory5003 ba
102 ## - Pais de publicação ou produção
País de publicação Portugal
101 0# - Língua de publicação
Língua do texto, banda sonora, etc. Português
215 ## - Descrição física 
Indicação específica da natureza do documento e extensão da espécie 28, [1] p.
Outras indicações físicas il. color
200 1# - Titulo e menção de responsabilidade
Título próprio A liberdade o que é?
Primeira menção de responsabilidade José Jorge Letria
Outras menções de responsabilidade il. Catarina França
225 1# - Colecção 
Título próprio da colecção Biblioteca José Jorge Letria
205 ## - Menção da edição
Menção da edição 1ª ed
210 ## - Publicação, Distribuição, etc. 
Lugar da edição, distribuição, etc. Porto
Nome do editor, distribuidor, etc. Ambar
Data da publicação, distribuição, etc. 2007
606 ## - Nome comum usado como assunto
Número de registo de entrada de autoridade 0001358
Palavra de ordem Literatura portuguesa
Subdivisão de assunto Poesia
Código do sistema CA
675 ## - Classificação Decimal Universal (CDU)
Notação 821.134.3-1
Edição 3ª ed.
Língua da edição por
702 #1 - Nome de autor-pessoa física (responsabilidade secundária)
Número de registo de entrada de autoridade 0000444
Palavra de ordem França
Outra parte do nome não tomada para palavra de ordem Catarina
Código de função Ilustrador / Técnico de desenho computorizado
Número de registo de entrada de autoridade 0000098
Palavra de ordem Moreira
Outra parte do nome não tomada para palavra de ordem Aurélio Carlos
Código de função Autor de recensão / Crítico
700 #1 - Nome de autor-pessoa física (responsabilidade principal)
Número de registo de entrada de autoridade 0000273
Palavra de ordem Letria
Outra parte do nome não tomada para palavra de ordem José Jorge
Datas 1951-
966 ## - Identificação da Biblioteca
Sigla EBVEN
942 ## - Elementos de entrada adicionados (Koha)
Tipo de item no Koha Livro
Exemplares
Situação do levantamento Origin of item (home branch) (coded) Biblioteca de empréstimo Código de barras Cota Circulation type (not for loan) Tipo de documento Nota do exemplar Damaged status
  Biblioteca Escolar das Vendas Biblioteca Escolar das Vendas BEV1666 8POR LET   Livro Sem mensagem